| 000 | 00449nam a22001697a 4500 | ||
|---|---|---|---|
| 003 | OSt | ||
| 005 | 20220304154058.0 | ||
| 008 | 220304b |||||||| |||| 00| 0 eng d | ||
| 020 | _a8121923298 | ||
| 040 | _cHU | ||
| 082 | _a519.S | ||
| 100 |
_aBANERJEE PRANAB KUMAR _932087 |
||
| 245 | _aINTRODUCTION TO BIOSTATISTICS | ||
| 260 |
_aNEW DELHI _bS.CHANND& COMPANY LTD. _c2004 |
||
| 300 |
_aIX, 385, BIBLIOGRAPHY _bILL _c27CM. |
||
| 942 |
_2ddc _cBOOKS _n0 |
||
| 999 |
_c32136 _d32136 |
||